Catálogo
 En Linea

Military Aircraft. : (Registro nro. 42587)

Detalles MARC
000 -CABECERA
campo de control de longitud fija 00407nam a2200145 a 4500
001 - NÚMERO DE CONTROL
campo de control 000043098
005 - FECHA Y HORA DE LA ÚLTIMA TRANSACCIÓN
campo de control 20201002040633.0
008 - DATOS DE LONGITUD FIJA--INFORMACIÓN GENERAL
campo de control de longitud fija 140218s2009 xxkc 001 0 spa d
020 ## - NÚMERO INTERNACIONAL ESTÁNDAR DEL LIBRO
Número Internacional Estándar del Libro 9781906626730
040 ## - FUENTE DE LA CATALOGACIÓN
Centro catalogador/agencia de origen DO-SdBNP
Lengua de catalogación spa
Centro/agencia transcriptor BNPHU
245 00 - MENCIÓN DE TÍTULO
Título Military Aircraft. :
Resto del título visual encyclopedia.
260 ## - PUBLICACIÓN, DISTRIBUCIÓN, ETC.
Lugar de publicación, distribución, etc. London, :
Nombre del editor, distribuidor, etc. Amber Books,
Fecha de publicación, distribución, etc. 2009.
300 ## - DESCRIPCIÓN FÍSICA
Extensión 448 p. :
Otras características físicas retrs. ;
Dimensiones 29 cm.
500 ## - NOTA GENERAL
Nota general Incluye índice
Existencias
Estado de retiro Estado de pérdida Restricciones de uso No para préstamo Código de colección Localización permanente Ubicación/localización actual Ubicación en estantería Fecha de adquisición Número de inventario Total de préstamos Signatura topográfica completa Código de barras Fecha visto por última vez Precio válido a partir de Tipo de ítem Koha
      Excluido de préstamo Monografías: Libros y Folletos General General En catalogación 18.02.2014 LF1   43098-10 25.06.2020 25.06.2020 No se presta

Con tecnología Koha